Mezinárodní vztahy československá revue pro zahraniční politiku

Enregistré dans:
Détails bibliographiques
Format: Publication en série
Langue:tchèque
Publié: Praha Panorama 1990
Sujets:
Tags: Ajouter un tag
Pas de tags, Soyez le premier à ajouter un tag!

MARC

LEADER 00000nas2a2200000 4500
001 s015023
005 20240109091538.4
022 |a 0323-1844 
041 0 |a cze 
044 |a CZ 
245 1 0 |a Mezinárodní vztahy  |b československá revue pro zahraniční politiku 
264 1 |a Praha  |b Panorama  |c 1990 
300 |a 1 zv. 
773 0 |w eu_un_cat*s120060 
610 2 0 |a politika medzinárodná 
610 2 0 |a politika svetová 
610 2 0 |a politika zahraničná